| 000 | 01005nac a22002411u 4500 | ||
|---|---|---|---|
| 090 | _c2796 | ||
| 008 | 080806t xxu||||| |||| 00| 0 eng d | ||
| 010 | _a 2006027502 | ||
| 020 | _a0321304861 (pbk. : alk. paper) | ||
| 082 | 0 | 0 |
_a005.8 _bW996 |
| 245 | 0 | 4 |
_aThe art of software security testing : _bidentifying software security flaws / _cChris Wysopal ... [et al.]. |
| 250 | _a1st ed. | ||
| 260 |
_aUpper Saddle River, NJ : _bAddison-Wesley,2006 _c2006. |
||
| 300 |
_axxxii, 266 p. : _bill. ; _c 24 cm. |
||
| 650 | 0 | _aComputer security. | |
| 650 | 0 |
_aComputer networks _xSecurity measures. |
|
| 650 | 0 |
_aComputer software _xTesting. |
|
| 650 | 0 |
_aComputer software _xReliability. |
|
| 700 | 1 | _aWysopal, Chris. | |
| 856 | 4 | 1 |
_3Table of contents only _uhttp://www.loc.gov/catdir/toc/ecip0619/2006027502.html |
| 942 |
_cBB _k005.8W996 _2ddc |
||
| 999 |
_c2796 _d2796 |
||